Loading...
History - American History | 0 | 6 | 2 | 0 | 50 | 15 | 64.33 | 1 | 3 |
Religion | 0 | 2 | 0 | 1 | 20 | 111 | 117.50 | 0 | 0 |
Literature - British Literature | 0 | 1 | 0 | 0 | 10 | 92 | 92.00 | 0 | 0 |
History - Other History | 0 | 1 | 0 | 0 | 10 | 86 | 86.00 | 0 | 0 |
Philosophy | 0 | 1 | 0 | 0 | 10 | 35 | 35.00 | 1 | 1 |
Social Science | 0 | 1 | 0 | 0 | 10 | 61 | 61.00 | 0 | 1 |
Fine Arts - Other Fine Arts | 0 | 1 | 0 | 0 | 10 | 72 | 72.00 | 0 | 0 |
Current Events | 0 | 1 | 1 | 1 | 5 | 87 | 87.00 | 0 | 0 |
History - European History | 0 | 0 | 0 | 0 | 0 | 0.00 | 0 | 0 | |
History - World History | 0 | 0 | 1 | 0 | -5 | 0.00 | 0 | 0 | |
Mythology | 0 | 0 | 2 | 0 | -10 | 0.00 | 0 | 0 | |
Literature - American Literature | 0 | 0 | 2 | 0 | -10 | 0.00 | 0 | 0 |